000 00368nam a2200145 a 4500
005 20260103130950.0
008 260103s2026##################000#0#eng##
020 _a9780380799008
_qpbk
041 _aeng
082 0 4 _a649.143
_bFAB
100 _aFaber, Adele
245 1 0 _aSiblings Without Rivalry
260 _aNewyork
_bPerennial Currents
_c2004
942 _cENGLISH
999 _c607140
_d607140